Eine Fallstudie im Rahmen der Provenienzforschung
| Titel: | Eine Fallstudie im Rahmen der Provenienzforschung : Johann Erdmann Hummels "Bildnis Frau Luise Mila" |
|---|---|
| Verfasser: | |
| In: |
Stiftung Preußischer Kulturbesitz: Jahrbuch Preußischer Kulturbesitz ..., Band 38 (2001), Seite 249-262 alle Artikel anzeigen |
| Veröffentlicht: | 2001 |
| Format: | Aufsatz |
X
alg: 44188338 001A $03036:30-01-19 001B $01999:30-01-19 $t23:06:52.000 001D $03036:30-01-19 001U $0utf8 001X $00 002@ $0Aox 003@ $0441883389 007A $0441883389 $aHEB 007T $0ArchMa04046 011@ $a2001 021A $aEine @Fallstudie im Rahmen der Provenienzforschung $dJohann Erdmann Hummels "Bildnis Frau Luise Mila" 028A $aGrabowski $dJörn 031A $d38 $h249-262 $j2001 039B $aIn $8--Abvc--Stiftung Preußischer Kulturbesitz [Tb1]. Jahrbuch Preußischer Kulturbesitz .... - Berlin : Mann, 1963-[2016]. - ISSN 0342-0124 $x200100000380000751 $9046848940 045T $a24 lok: 44188338 105 exp: 44188338 105 1 #EPN 201B/01 $030-01-19 $t12:59:40.000 201C/01 $030-01-19 201U/01 $0utf8 203@/01 $01042233438 208@/01 $a13-12-18 $be 209A/01 $a/ $f106 $x00 245Z/01 $a3.08.02. $bArchivwesen des Bundes- und der deutschen Bundesländer / Berlin / Archive und Archivbestände $x01 247C/01 $8->Marburg, Bibliographie zum Archivwesen der Archivschule Marburg $939588196X
| LEADER | 00000caa a22000002c 4500 | ||
|---|---|---|---|
| 001 | 441883389 | ||
| 003 | DE-603 | ||
| 005 | 20190130230652.0 | ||
| 007 | tu | ||
| 008 | 190130s2001 xx |||| | u00||u|und c | ||
| 035 | |a (DE-599)HEB441883389 | ||
| 040 | |a DE-603 |b ger |c DE-603 |d DE-603 | ||
| 084 | |a 24 |2 ssgn | ||
| 100 | 1 | |a Grabowski, Jörn | |
| 245 | 0 | 0 | |a Eine Fallstudie im Rahmen der Provenienzforschung |b Johann Erdmann Hummels "Bildnis Frau Luise Mila" |
| 264 | 0 | |c 2001 | |
| 773 | 0 | 8 | |i In |a Stiftung Preußischer Kulturbesitz |t Jahrbuch Preußischer Kulturbesitz ... |d Berlin : Mann, 1963-[2016] |h 24 cm |x 0342-0124 |g Band 38 (2001), Seite 249-262 |w (DE-603)046848940 |w (DE-600)3758-8 |
| 924 | 0 | |9 - |a (DE-603)1042233438 |b DE- |c HES |d d |g / | |